[Event "Ruhrgebiet Verbandsklasse Gruppe 3 1819"]
[Site "Nordrheinwestfalen"]
[Date "2019.01.20"]
[Round "5.7"]
[White "Sehrbrock, Christoph"]
[Black "Schweda, Albert"]
[Result "1-0"]
[WhiteElo "1794"]
[BlackElo "1510"]
[PlyCount "81"]
[EventDate "2018.09.23"]
[EventType "team-tourn"]
[EventRounds "9"]
[EventCountry "GER"]
[SourceTitle "EXT 2022"]
[Source "ChessBase"]
[SourceDate "2021.10.06"]
[SourceVersion "1"]
[SourceVersionDate "2021.10.06"]
[SourceQuality "1"]
[WhiteTeam "Waltrop SV"]
[BlackTeam "Unna SV"]
[WhiteTeamCountry "GER"]
[BlackTeamCountry "GER"]

1. e4 e5 2. Nf3 d6 3. d4 exd4 4. Nxd4 Nf6 5. Nc3 Be7 6. Be3 0-0 7. f3 Nbd7 8. Nf5 Ne5 9. Nxe7+ Qxe7 10. Qd2 Be6 11. 0-0-0 a5 12. h3 Bc4 13. f4 Bxf1 14. fxe5 Qxe5 15. Rhxf1 Nxe4 16. Nxe4 Qxe4 17. Rf3 a4 18. Qd4 Rae8 19. Qxe4 Rxe4 20. Rd4 Rfe8 21. Kd2 b5 22. Rxe4 Rxe4 23. Rf4 Re6 24. Rb4 c6 25. c4 Re4 26. a3 Re5 27. Bf4 Rf5 28. cxb5 cxb5 29. Rd4 g5 30. Be3 d5 31. Rb4 d4 32. Rxd4 h5 33. Kd3 Kg7 34. Ke4 Kg6 35. Rd5 Rxd5 36. Kxd5 f5 37. Ke5 f4 38. Bd2 h4 39. Bxf4 gxf4 40. Kxf4 Kh5 41. Kf5 1-0

[Event "Ruhrgebiet Bezirksliga 17/18"]
[Site "Ruhrgebiet"]
[Date "2017.12.17"]
[Round "5.2"]
[White "Roeller, Bernhard"]
[Black "Schweda, Albert"]
[Result "1/2-1/2"]
[WhiteElo "1801"]
[BlackElo "1530"]
[PlyCount "98"]
[EventDate "2017.09.03"]
[EventType "team-tourn"]
[EventRounds "9"]
[EventCountry "GER"]
[SourceTitle "EXT 2022"]
[Source "ChessBase"]
[SourceDate "2021.10.06"]
[SourceVersion "1"]
[SourceVersionDate "2021.10.06"]
[SourceQuality "1"]
[WhiteTeam "Hamm SG Caissa"]
[BlackTeam "Unna SV II"]
[WhiteTeamCountry "GER"]
[BlackTeamCountry "GER"]

1. e4 c5 2. f4 Nc6 3. Nf3 e6 4. c3 d5 5. e5 Nge7 6. d3 Ng6 7. Be2 Be7 8. 0-0 0-0 9. Na3 a6 10. Nc2 b5 11. a3 Bb7 12. Qe1 Re8 13. Qf2 h6 14. b3 Rc8 15. Bd2 Na5 16. Rab1 c4 17. dxc4 dxc4 18. b4 Nb3 19. Be3 Qc7 20. Nfd4 Be4 21. Rb2 Nxd4 22. Bxd4 Qb7 23. Ne3 Bf8 24. Qg3 Ne7 25. Bg4 Nd5 26. Bh3 Nxe3 27. Qxe3 g6 28. g4 Bg7 29. Bg2 Bxg2 30. Rxg2 Qe7 31. Qg3 Kh7 32. h4 Rg8 33. Rh2 Rc7 34. Kf2 Rd7 35. Qe3 Qe8 36. h5 Bf8 37. Rfh1 Qd8 38. g5 gxh5 39. Rxh5 Rg6 40. Qe4 Kh8 41. Qe3 Kh7 42. f5 exf5 43. Qf4 Qa8 44. Qxf5 Qc6 45. Ke3 Qe6 46. Qe4 Rc7 47. Rf1 Kg8 48. Rf6 Qe8 49. Qh4 Rc6 1/2-1/2

[Event "Ruhrgebiet Bezirksliga 17/18"]
[Site "Ruhrgebiet"]
[Date "2017.09.03"]
[Round "1.2"]
[White "Barskij, Alexander"]
[Black "Schweda, Albert"]
[Result "1-0"]
[WhiteElo "1851"]
[BlackElo "1530"]
[PlyCount "35"]
[EventDate "2017.09.03"]
[EventType "team-tourn"]
[EventRounds "9"]
[EventCountry "GER"]
[SourceTitle "EXT 2022"]
[Source "ChessBase"]
[SourceDate "2021.10.06"]
[SourceVersion "1"]
[SourceVersionDate "2021.10.06"]
[SourceQuality "1"]
[WhiteTeam "Unna SV"]
[BlackTeam "Unna SV II"]
[WhiteTeamCountry "GER"]
[BlackTeamCountry "GER"]

1. e4 c5 2. d3 Nc6 3. f4 d6 4. Nf3 Bg4 5. Be2 Bxf3 6. Bxf3 Nd4 7. 0-0 Qb6 8. Kh1 g6 9. Nd2 Bg7 10. c3 Nxf3 11. Nxf3 Nf6 12. Qe1 0-0 13. f5 Nd7 14. Qh4 Qd8 15. Bh6 e5 16. Ng5 Bf6 17. fxg6 hxg6 18. Bg7 1-0

[Event "Ruhrgebiet Bezirksliga 15/16"]
[Site "Ruhrgebiet"]
[Date "2016.04.03"]
[Round "9.8"]
[White "Bednik, Henryk"]
[Black "Schweda, Albert"]
[Result "1/2-1/2"]
[WhiteElo "1444"]
[BlackElo "1532"]
[PlyCount "115"]
[EventDate "2015.08.30"]
[EventType "team-tourn"]
[EventRounds "9"]
[EventCountry "GER"]
[SourceTitle "EXT 2022"]
[Source "ChessBase"]
[SourceDate "2021.10.06"]
[SourceVersion "1"]
[SourceVersionDate "2021.10.06"]
[SourceQuality "1"]
[WhiteTeam "Boenen SV II"]
[BlackTeam "Unna SV"]
[WhiteTeamCountry "GER"]
[BlackTeamCountry "GER"]

1. e4 c5 2. Bc4 Nc6 3. a3 Nf6 4. Nc3 g6 5. d3 Bg7 6. Nf3 d6 7. h3 0-0 8. 0-0 a6 9. Nd5 Nxd5 10. Bxd5 Qb6 11. c3 e6 12. Ba2 Bd7 13. Rb1 a5 14. Bf4 Ne7 15. Qd2 f5 16. Bh6 Rf7 17. Bxg7 Kxg7 18. Ng5 Rf6 19. exf5 Nxf5 20. Ne4 Rff8 21. Ng5 d5 22. Rfe1 Rf6 23. Nf3 Raf8 24. Ne5 Bc8 25. Ng4 R6f7 26. Ne5 Rc7 27. Re2 Qd6 28. Rbe1 b5 29. Ng4 Qb6 30. Qf4 h5 31. Qe5+ Kh7 32. Nh2 Nh6 33. g4 hxg4 34. hxg4 Rcf7 35. Bb1 Qd8 36. d4 cxd4 37. cxd4 Qh4 38. Qg3 Qxg3+ 39. fxg3 Kg7 40. Bd3 Bd7 41. b4 axb4 42. axb4 Rc8 43. Rc2 Rxc2 44. Bxc2 Rf8 45. Re2 Ra8 46. g5 Nf7 47. Nf3 Ra2 48. Bd3 Ra3 49. Rd2 Rb3 50. Kf2 Rxb4 51. Rc2 Rb3 52. Ke2 b4 53. Nd2 Ra3 54. Rb2 b3 55. Nxb3 Nxg5 56. Nc5 Ra7 57. Ke3 Nf7 58. Rb6 1/2-1/2

[Event "Ruhrgebiet Verbandsklasse Gruppe 1 1415"]
[Site "Germany"]
[Date "2015.04.26"]
[Round "9.7"]
[White "Begna, Bozidar"]
[Black "Schweda, Albert"]
[Result "1-0"]
[WhiteElo "1900"]
[BlackElo "1443"]
[PlyCount "75"]
[EventDate "2014.09.21"]
[EventType "team-tourn"]
[EventRounds "9"]
[EventCountry "GER"]
[SourceTitle "EXT 2022"]
[Source "ChessBase"]
[SourceDate "2021.10.06"]
[SourceVersion "1"]
[SourceVersionDate "2021.10.06"]
[SourceQuality "1"]
[WhiteTeam "Dortmund Hansa III"]
[BlackTeam "Unna SV"]
[WhiteTeamCountry "GER"]
[BlackTeamCountry "GER"]

1. e4 c5 2. Nf3 Nc6 3. Bb5 a6 4. Bxc6 bxc6 5. c4 d6 6. d4 cxd4 7. Nxd4 Bd7 8. Nc3 e5 9. Nc2 Nf6 10. 0-0 Be7 11. Bg5 Bg4 12. f3 Be6 13. b3 0-0 14. Qd2 Qc7 15. Rfd1 Rfd8 16. Qf2 h6 17. Be3 Rab8 18. Na4 Nd7 19. g4 g5 20. Rac1 a5 21. Bd2 c5 22. Ne3 Nf6 23. Nc3 Bf8 24. Be1 Qb6 25. Ned5 Nxd5 26. Nxd5 Bxd5 27. Rxd5 Rd7 28. Rcd1 f6 29. Rxc5 d5 30. Rxa5 d4 31. Rb5 Qa7 32. Rxb8 Qxb8 33. Rd3 Ba3 34. Qc2 Rc7 35. Bd2 Kf7 36. Kg2 Qb6 37. b4 Bxb4 38. Rb3 1-0

[Event "Ruhrgebiet Verbandsklasse Gruppe 1 1415"]
[Site "Germany"]
[Date "2015.02.08"]
[Round "6"]
[White "Schweda, Albert"]
[Black "Heiming, Thomas"]
[Result "0-1"]
[WhiteElo "1448"]
[BlackElo "1842"]
[PlyCount "82"]
[EventDate "2014.09.21"]
[EventType "team-tourn"]
[EventRounds "9"]
[EventCountry "GER"]
[SourceTitle "EXT 2022"]
[Source "ChessBase"]
[SourceDate "2021.10.06"]
[SourceVersion "1"]
[SourceVersionDate "2021.10.06"]
[SourceQuality "1"]
[WhiteTeam "Unna SV"]
[BlackTeam "Hervest Dorsten"]
[WhiteTeamCountry "GER"]
[BlackTeamCountry "GER"]

1. d4 d5 2. c4 c6 3. e3 Nf6 4. Nc3 g6 5. Nf3 Bg7 6. Qb3 0-0 7. Ne5 e6 8. Be2 Nbd7 9. Nxd7 Nxd7 10. cxd5 exd5 11. Bd2 Re8 12. 0-0-0 Qb6 13. Qc2 Nf6 14. h3 Bf5 15. Bd3 Bxd3 16. Qxd3 c5 17. Na4 Qc6 18. Qc2 Rac8 19. dxc5 b5 20. Nc3 Qxc5 21. a3 a5 22. b4 axb4 23. axb4 Qxb4 24. Qb2 Qxb2+ 25. Kxb2 Ne4 26. Kb3 Bxc3 27. Be1 Bxe1 28. Rhxe1 Rc3+ 29. Kb4 Rc4+ 30. Kb3 Nf6 31. Rd3 Rec8 32. Red1 R8c5 33. f3 Kf8 34. g4 g5 35. R1d2 b4 36. Ka4 Nd7 37. Kb3 Nb6 38. Rd1 Ra5 39. R1d2 Ra3+ 40. Kb2 Rcc3 41. Rd4 Nc4+ 0-1

[Event "Dortmund Sparkassen op-B"]
[Site "Dortmund"]
[Date "2013.08.03"]
[Round "8"]
[White "Schweda, Albert"]
[Black "Kasueschke, Lars"]
[Result "1/2-1/2"]
[WhiteElo "1529"]
[BlackElo "1745"]
[PlyCount "124"]
[EventDate "2013.07.27"]
[EventType "swiss"]
[EventRounds "9"]
[EventCountry "GER"]
[SourceTitle "EXT 2022"]
[Source "ChessBase"]
[SourceDate "2021.10.06"]
[SourceVersion "1"]
[SourceVersionDate "2021.10.06"]
[SourceQuality "1"]

1. e4 c5 2. Nf3 a6 3. c4 Nc6 4. Nc3 e6 5. Be2 Nf6 6. d3 d5 7. Bg5 Be7 8. 0-0 d4 9. Nb1 0-0 10. Nbd2 b5 11. a3 Nd7 12. Bxe7 Qxe7 13. a4 bxa4 14. Qxa4 Bb7 15. Rfb1 Nb6 16. Qb3 Nb4 17. Ne1 a5 18. Qd1 Bc6 19. Ra3 Rfb8 20. Rba1 Qd7 21. Nc2 Na4 22. Nb3 Nxb2 23. Nxc5 Qd6 24. Qc1 Nxc2 25. Qxc2 Qxc5 26. f4 Qb4 27. R3a2 Na4 28. Rxa4 Bxa4 29. Qxa4 Qxa4 30. Rxa4 Kf8 31. Kf2 Ke7 32. e5 f6 33. exf6+ Kxf6 34. Kf3 e5 35. Ke4 Re8 36. Bf3 Ra7 37. fxe5+ Rxe5+ 38. Kxd4 Ke6 39. Be4 h6 40. c5 g5 41. Kc4 Ke7 42. Kb5 Kd7 43. Kb6 Rc7 44. Rxa5 Kd8 45. Ra8+ Rc8 46. Rxc8+ Kxc8 47. h3 Re7 48. Kc6 Rf7 49. Bf3 Rf4 50. Kd6 Rd4+ 51. Ke5 Rxd3 52. c6 Kc7 53. Kf5 Rd6 54. Kg4 Kd8 55. Kh5 Re6 56. Kg4 Rd6 57. Kf5 Ke7 58. Ke5 Re6+ 59. Kd5 Re1 60. Kc5 Kd8 61. Kb6 Rb1+ 62. Kc5 Kc7 1/2-1/2

[Event "Dortmund Sparkassen op-B"]
[Site "Dortmund"]
[Date "2011.07.28"]
[Round "6"]
[White "Sicking, Michael"]
[Black "Schweda, Albert"]
[Result "1/2-1/2"]
[WhiteElo "1453"]
[BlackElo "1575"]
[PlyCount "46"]
[EventDate "2011.07.23"]
[EventType "swiss"]
[EventRounds "9"]
[EventCountry "GER"]
[SourceTitle "EXT 2013"]
[Source "ChessBase"]
[SourceDate "2012.11.22"]
[SourceVersion "1"]
[SourceVersionDate "2012.11.22"]
[SourceQuality "1"]

1. e4 c5 2. Nf3 d6 3. d4 cxd4 4. Nxd4 a6 5. Be3 Nf6 6. Nc3 e5 7. Nf3 Be7 8. Qd2 Nc6 9. h3 Be6 10. Ng5 Qd7 11. f4 exf4 12. Bxf4 h6 13. Nf3 Nh5 14. Bh2 Rd8 15. g4 Nf6 16. 0-0-0 b5 17. a3 d5 18. e5 Nh7 19. Nd4 Nxd4 20. Qxd4 f6 21. Bg2 fxe5 22. Bxe5 Nf6 23. Qd3 Rc8 1/2-1/2

[Event "Dortmund Sparkassen op-B"]
[Site "Dortmund"]
[Date "2011.07.24"]
[Round "2"]
[White "Ertelt, Pornchai"]
[Black "Schweda, Albert"]
[Result "1-0"]
[WhiteElo "1705"]
[BlackElo "1575"]
[PlyCount "43"]
[EventDate "2011.07.23"]
[EventType "swiss"]
[EventRounds "9"]
[EventCountry "GER"]
[SourceTitle "EXT 2013"]
[Source "ChessBase"]
[SourceDate "2012.11.22"]
[SourceVersion "1"]
[SourceVersionDate "2012.11.22"]
[SourceQuality "1"]

1. d4 Nf6 2. Nf3 g6 3. g3 Bg7 4. Bg2 0-0 5. c4 c6 6. Nc3 d5 7. cxd5 cxd5 8. 0-0 e6 9. Bg5 Qb6 10. Qc2 Nc6 11. e3 Bd7 12. Na4 Nb4 13. Nxb6 Nxc2 14. Bxf6 axb6 15. Bxg7 Nxa1 16. Bxf8 Kxf8 17. Rxa1 Ba4 18. Rc1 Bb5 19. a3 Bc6 20. Bf1 b5 21. Ne5 Rc8 22. Bxb5 1-0

[Event "Dortmund Sparkassen op-B"]
[Site "Dortmund"]
[Date "2008.07.05"]
[Round "8"]
[White "Schweda, Albert"]
[Black "Stukemeier, Ralf"]
[Result "0-1"]
[WhiteElo "1551"]
[BlackElo "1738"]
[PlyCount "50"]
[EventDate "2008.06.30"]
[EventType "swiss"]
[EventRounds "9"]
[EventCountry "GER"]
[SourceTitle "EXT 2022"]
[Source "ChessBase"]
[SourceDate "2021.10.06"]
[SourceVersion "1"]
[SourceVersionDate "2021.10.06"]
[SourceQuality "1"]

1. e4 e5 2. Nf3 Nc6 3. Bc4 Nf6 4. d3 Be7 5. 0-0 0-0 6. a3 d6 7. h3 Be6 8. Nbd2 h6 9. b4 Qd7 10. Bxe6 Qxe6 11. Bb2 b5 12. c4 bxc4 13. Nxc4 Rfc8 14. Rc1 Nd8 15. Qd2 c5 16. bxc5 Rxc5 17. Bc3 Nxe4 18. dxe4 Rxc4 19. Qd3 Rac8 20. Rc2 Qg6 21. Re1 Ne6 22. Nd2 Nf4 23. Qg3 Rxc3 24. Rxc3 Rxc3 25. Qh2 Rxh3 0-1